[Event "ROM-ch U12 Boys"]
[Site "Voineasa"]
[Date "2008.04.14"]
[Round "4"]
[White "Steopan, Darius"]
[Black "Pacuraru, Codin Iosif"]
[Result "0-1"]
[WhiteElo "506"]
[BlackElo "612"]
[PlyCount "58"]
[EventDate "2008.04.08"]
[EventType "swiss"]
[EventRounds "9"]
[EventCountry "ROU"]
[SourceTitle "EXT 2013"]
[Source "ChessBase"]
[SourceDate "2012.11.22"]
[SourceVersion "1"]
[SourceVersionDate "2012.11.22"]
[SourceQuality "1"]

1. e4 c5 2. Nf3 e6 3. d4 cxd4 4. Nxd4 Nc6 5. Nxc6 bxc6 6. Nc3 d5 7. exd5 cxd5 8. Be3 Nf6 9. Bd4 Bd7 10. Be2 Bb4 11. 0-0 0-0 12. a3 Bd6 13. Re1 e5 14. Bxe5 Bxe5 15. Nxd5 Nxd5 16. Qxd5 Bxb2 17. Rad1 Be6 18. Qb5 Qb6 19. Qxb6 axb6 20. Rb1 Bd4 21. Red1 Bc5 22. Ra1 Rxa3 23. Rxa3 Bxa3 24. Rd3 Bc4 25. Rxa3 Bxe2 26. Rb3 b5 27. h3 Rd8 28. Kh1 g6 29. Re3 Bc4 0-1